000 00733nam a2200229 i 4500
001 115097
003 ES-MaACL
005 20251003161925.0
007 t|
008 070221s1910 sp ||||1| spa d
080 _a821.134.2-32"19"
100 1 _aBelda, Joaquín.
_927136
245 1 0 _aUn baile de trajes /
_cJoaquín Belda ; ilustraciones de Pick.
260 _aMadrid :
_bEl Cuento Semanal,
_c1910.
300 _a20 p. :
_bil. col. y n. ;
_c26 cm.
490 1 _aEl cuento semanal ;
_v163
500 _aTodas las páginas deterioradas. Original y fotocopia.
700 1 _aRío Sainz, José del,
_d1884-1964
_991849
830 0 3 _aEl cuento semanal
_v163
_9185957
852 _aES-MaACL
_jG-4445(6)
999 _c115097
_d115097